Lineare optimierung grober systeme (Record no. 2258)
[ view plain ]
| 000 -LEADER | |
|---|---|
| fixed length control field | 01093cam a22002771 4500 |
| 001 - CONTROL NUMBER | |
| control field | 2258 |
| 003 - CONTROL NUMBER IDENTIFIER | |
| rucl marc code | BD-RjUL |
| 005 - DATE AND TIME OF LATEST TRANSACTION | |
| control field | 20211208233519.0 |
| 008 - FIXED-LENGTH DATA ELEMENTS--GENERAL INFORMATION | |
| fixed length control field | 160924s1966 g a 000 0 g |
| 035 ## - SYSTEM CONTROL NUMBER | |
| System control number | (BD-RjUL)2285 |
| 040 ## - CATALOGING SOURCE | |
| Original cataloging agency | DLC |
| Transcribing agency | TxU-Da |
| Modifying agency | OCoLC |
| -- | Uk |
| -- | DLC |
| -- | BD-RjUL |
| Language of cataloging | eng |
| 041 ## - LANGUAGE CODE | |
| Language code of text/sound track or separate title | eng |
| 082 00 - DEWEY DECIMAL CLASSIFICATION NUMBER | |
| Classification number | 519.72 |
| Edition number | 23 |
| Author mark and year | KUL 1966 |
| 100 ## - MAIN ENTRY--PERSONAL NAME | |
| Personal name | Künzi, Hans P. |
| 9 (RLIN) | 157442 |
| 245 10 - TITLE STATEMENT | |
| Title | Lineare optimierung grober systeme |
| Statement of responsibility, etc. | Hans P Künzi , Soo Tang Tan |
| 260 ## - PUBLICATION, DISTRIBUTION, ETC. (IMPRINT) | |
| Place of publication, distribution, etc. | Berlin ; New york : |
| Name of publisher, distributor, etc. | Springer-Verlag, |
| Date of publication, distribution, etc. | 1966. |
| 300 ## - PHYSICAL DESCRIPTION | |
| Pagination | [6], 121 p. ; |
| Size | 27 cm. |
| 490 ## - SERIES STATEMENT | |
| Series statement | Lecture notes in mathematics : a collection of informal reports and seminars / Edited by A. Dold and B. Eckmann Zurich; |
| Volume/sequential designation | 27. |
| 650 ## - SUBJECT ADDED ENTRY--TOPICAL TERM | |
| Topical term or geographic name as entry element | Linear programming |
| 9 (RLIN) | 137980 |
| Topical term or geographic name as entry element | Programación lineal |
| 9 (RLIN) | 157443 |
| 700 ## - ADDED ENTRY--PERSONAL NAME | |
| Personal name | Tan, Soo Tang, jt. auth. |
| Personal name | Dold, A. , Editor |
| Personal name | Zurich, B. Eckmann, Jt. Editor |
| 830 ## - SERIES ADDED ENTRY--UNIFORM TITLE | |
| Uniform title | Lecture notes in mathematics : a collection of informal reports and seminars / Edited by A. Dold and B. Eckmann Zurich; |
| Volume number/sequential designation | 27. |
| 942 ## - ADDED ENTRY ELEMENTS (KOHA) | |
| Source of classification or shelving scheme | Dewey Decimal Classification |
| Koha item type | Books |
| Lost status | Source of classification or shelving scheme | Damaged status | Not for loan | Collection code | Permanent Location | Current Location | Shelving location | Date acquired | Source of acquisition | Total Checkouts | Full call number | Date last seen | Copy number | Koha item type |
|---|---|---|---|---|---|---|---|---|---|---|---|---|---|---|
| Dewey Decimal Classification | Not For Loan | Non-fiction | Central Library, University of Rajshahi | Central Library, University of Rajshahi | Reading Room | 03/05/1968 | Sweets & Zeitlinger | G 519.72 KUL 1966 | 24/09/2016 | C-1 | Books |